00245nam a2200097Ia 4500008004100000100002200041245003400063260002800097300000900125650001300134190216s9999||||xx |||||||||||||| ||und|| aRamnivas Lakhotia 0aElements Of Indian Income Tax bNarosa Pubs Housec1979 a595p aCommerce